000 00827cam a2200217 4500
001 ABS66467
008 030306n2003 000 0 eng u
035 _a(Sirsi) u121542
245 _aSalary survey: fair sailing amid the tempests
260 _c2003
490 _aEstates Gazette
_v(0309) 1 March 2003, 182-185(4)
520 _aThe Estates Gazettte/PSD online salary survey gives the latest figures for the property profession. The average professional is 36-years old, has worked in the business for 12 years and received a 6.8% pay rise last year, earning £47 520 pa. Tables.
590 _aABS
650 _aPROPERTY PROFESSIONALS
650 _aSALARIES
650 _aSURVEYS
650 _aSALARY SURVEYS
650 _aEARNINGS
690 _aMANAGEMENT-BUSINESS MANAGEMENT-PROFESSIONAL PRACTICE
942 _n0
999 _c72241
_d72241